Statistics for MLB TOP 10 All Time Postseason Hit Leaders

Click here to take the quiz!

General Stats

  • This quiz has been taken 22 times
  • The average score is 3 of 10

Answer Stats

HintAnswer% Correct
200Derek Jeter
90%
128Bernie Williams
70%
95Albert Pujols
50%
97Chipper Jones
40%
117Manny Ramirez
35%
92Jose Altuve
30%
101Yadier Molina
15%
89David Justice
10%
103Jorge Pasada
0%
97Kenny Lofton
0%

Score Distribution

Percentile by Number Answered

Percent of People with Each Score

Your Score History

You have not taken this quiz